| Tag |
First Indicator |
Second Indicator |
Subfields |
| LEADER |
00000cam a2200000 a 4500 |
| 001 |
in00000096499 |
| 005 |
20150923174116.0 |
| 007 |
hd af| c||| |
| 008 |
821108r1965 miu ab 00010 eng d |
| 035 |
|
|
|a (OCoLC)08935406
|
| 035 |
|
|
|9 AAK8626AM
|
| 040 |
|
|
|a TXA
|c TXA
|d UtOrBLW
|
| 043 |
|
|
|a n-us-ca
|
| 049 |
|
|
|a TXAI
|
| 099 |
|
|
|a film
|a B
|a 1544
|
| 100 |
1 |
|
|a Farris, Edward A.
|q (Edward Ainslie)
|
| 245 |
1 |
4 |
|a The role of the junior college in police education in California /
|c by Edward Ainslie Farris.
|
| 264 |
|
1 |
|a [Place of publication not identified] :
|b [publisher not identified] ;
|c 1965.
|
| 300 |
|
|
|a xxi, 348 leaves.
|
| 336 |
|
|
|a text
|b txt
|2 rdacontent
|
| 337 |
|
|
|a microform
|b h
|2 rdamedia
|
| 338 |
|
|
|a microfilm reel
|b hd
|2 rdacarrier
|
| 500 |
|
|
|a Vita.
|
| 502 |
|
|
|b Master of Criminology
|c University of California
|d 1965.
|
| 504 |
|
|
|a Bibliography: leaves 276-285.
|
| 533 |
|
|
|a Microfilm.
|b Berkley, Calif. :
|c University of California Library,
|d 1967.
|e 1 microfilm reel ; 35 mm.
|
| 500 |
|
|
|a Microform.
|
| 650 |
|
0 |
|a Law enforcement
|z California
|x Curricula.
|
| 650 |
|
0 |
|a Police training
|z California.
|
| 650 |
|
0 |
|a Police
|z California
|x Study and teaching.
|
| 650 |
|
0 |
|a Criminal justice personnel
|x Training of
|z California.
|
| 999 |
|
|
|a MARS
|
| 999 |
f |
f |
|s 1308a32b-9e53-3ac9-b167-784b109f8d86
|i 6f03fee5-5501-34f3-8fad-f9f8705347e8
|t 0
|
| 952 |
f |
f |
|p default
|a Texas A&M University
|b College Station
|c Sterling C. Evans Library
|d Evans: Microforms (3rd floor)
|t 0
|e film B 1544
|h Other scheme
|i microform -- microfilm reel
|
| 998 |
f |
f |
|a film B 1544
|t 0
|l Evans: Microforms (3rd floor)
|